00641nam a2200241 a 4500001001300000003000900013005001700022008004100039020001000080082001400090100001700104245001800121260004600139300000900185500003500194505001300229650001600242700001700258902000800275942000700283952009400290999001500384nice12345678IN_TiNIC20260116012136.0050524s1898 luca grp 000 0 urd  ac10000a239bSEL1 aSell, Edward aAqaid-E-Islam aLucknowbMethodist Publishing Housec1898 a291p aincludes index and biblioraphy2 aappendix aApologetics1 aSell, Edward bRBA cBK 00104070aHMIbHMId2007-06-26g100.00l0o239 SEL1p9519r2007-06-26w2026-01-16yARB c5805d5805